000 00327nam a2200133Ia 4500
005 20251222144741.0
008 251222s9999||||xx |||||||||||||| ||spa||
020 _a84-8260-009-5
082 _a263.5/B75
100 _aBosch, J.Gil
245 0 _aNueva era una Expresión de lo Religioso
264 _bSan Esteban
942 _cLIB
999 _c18962
_d18962